[Event "Olympiad-36"]
[Site "Mallorca"]
[Date "2004.10.24"]
[Round "9"]
[White "Wells, Peter K"]
[Black "Kristjansson, Stefan"]
[Result "1/2-1/2"]
[WhiteElo "2504"]
[BlackElo "2444"]
[Annotator "Postny,E"]
[PlyCount "82"]
[EventDate "2004.10.15"]
[EventType "team-swiss"]
[EventRounds "14"]
[EventCountry "ESP"]
[SourceTitle "CBM 104"]
[Source "ChessBase"]
[SourceDate "2005.01.27"]
[SourceVersion "1"]
[SourceVersionDate "2005.01.27"]
[SourceQuality "1"]
[WhiteTeam "England"]
[BlackTeam "Iceland"]
[WhiteTeamCountry "ENG"]
[BlackTeamCountry "ISL"]

1. Nf3 Nf6 2. c4 g6 3. Nc3 d5 4. cxd5 (4. d4 {leads to the main variations of
the Gruenfeld defense.}) 4... Nxd5 5. Qa4+ {A common way to avoid long, forced
lines of the Gruenfeld defense.} Bd7 (5... Nc6 {1-0 Sturua,Z-Goloshchapov,A/
Batumi 2002/CBM 90 [Postny,E] (51)}) 6. Qc2 {Relatively rare line, which
frequently leads to a sharp play.} ({The alternatives are:} 6. Qb3) ({and} 6.
Qh4 {which is the most popular one.}) 6... Nb4 ({Another playable move is} 6...
Nb6) 7. Qb3 c5 (7... N8c6 {1-0 Kortschnoj,V-Tseitlin,M/Beersheba 1997/CBM 58 
[Ribli] (55)}) 8. Ne4 {White must play decisively. If black will manage to
complete the development by Bg7 and N8c6 he will be simply better thanks to
space advantage.} Qa5 (8... Bf5 9. d3 b6 10. Neg5 Be6 11. Nxe6 fxe6 12. a3 Nd5
13. g3 $16 {1-0 Wells,P-Rowson,J/Scarborough 2004/CBM 101 ext (41)}) 9. a3 (9.
Nfg5 N8c6 (9... Qa4 10. Qxf7+ Kd8 11. b3 Nc2+ 12. Kd1 Nxa1 13. bxa4 Bxa4+ 14.
Ke1 Nc2+ 15. Kd1 Ne3+ $11) 10. e3 Ne5 11. a3 b6 12. f4 h6 13. fxe5 hxg5 14. Bc4
Ba4 15. Bxf7+ Kd8 16. axb4 Bxb3 17. bxa5 Bxf7 18. axb6 Bd5 19. Nxg5 $18 {
1-0 Tunik,G-Yandemirov,V/Nabereznye Chelny 1988/TD (26)}) 9... N8c6 $146 {
Very interesting novelty, which leads to immense complications.} (9... N8a6 10.
e3 Bg7 11. Be2 O-O 12. O-O Be6 13. Qd1 Rfd8 14. Neg5 Bd7 15. d4 Nc6 16. Qb3 Be8
17. Qxb7 Nc7 18. Bd2 Qb6 19. Qxb6 axb6 20. dxc5 bxc5 21. Rab1 Rdb8 22. b4 cxb4
23. axb4 Nd5 24. b5 Na7 25. Bc4 Nb6 26. Bd3 h6 27. Ne4 Nbc8 28. Rb3 Bxb5 {
1/2-1/2 Zilberstein,V-Yandemirov,V/Voronezh 1988/EXT 99 (28)}) 10. Qc3 ({
Deserves further investigation:} 10. Rb1 Na6 11. e3) 10... O-O-O $2 {A brave
sacrifice, which does not work out properly.} ({The right move is:} 10... Bf5
$1 11. b3 {[%csl Ya1,Rb4,Rh8][%cal Yc3a1]} (11. Nfg5 $6 Nd4) 11... Nd4 $1 12.
Nxd4 (12. axb4 Qxa1 13. Qxa1 Nc2+ 14. Kd1 Nxa1 $17) 12... cxd4 13. axb4 Qd5 14.
Qc4 (14. Qg3 $6 Qxe4 15. Rxa7 Rc8 $40) 14... Qxe4 15. d3 $11) 11. b3 $1 (11.
Qxh8 $4 Nc2+ 12. Kd1 Qa4 {[%csl Rd1][%cal Gc2e3]} 13. e3 ({Very neat is} 13.
Nc3 Ne3+ 14. Ke1 {[%tqu "En","Can you find a mate in two?","","","a4d1","",3]}
Qd1+ $1 15. Nxd1 Nc2#) 13... Nxe3+ 14. Ke2 Qd1+ 15. Kxe3 Bh6+ $19 {[%csl Rh8]
[%cal Gd8h8]}) ({Good as well is} 11. Rb1 $1 Bg7 12. Qxg7 Nc2+ 13. Kd1 Qa4 14.
b3 Qxe4 15. d3 $18 {[%csl Rc2,Re4]}) 11... Bg7 {The idea of black's previous
move.} 12. Qxg7 f6 {Locking the queen for a while, black hoping to create
threats against the white monarch.} ({Objectively stronger is} 12... Nc2+ 13.
Kd1 Nxa1 14. Qxa1 $16) 13. Rb1 Bf5 $5 {Black is sacrificing another piece!
Frankly speaking, black is lost, so the move in the text seems to be the best
practical chance.} 14. axb4 cxb4 15. Qf7 $6 (15. d3 Bxe4 16. dxe4 Qa2 17. Rb2
Qa1 18. Rc2 Qb1 19. Rc4 Qxb3 20. Nd2 Rxd2 (20... Qa2 21. Qxe7 $18) 21. Bxd2
Qxc4 22. Qxh8+ Kc7 23. e3 $18) 15... Kb8 (15... Bxe4 $2 16. Qe6+ $18) 16. d3 $6
(16. Qc4 Rc8 17. d3 Rhd8 18. Ned2 Nd4 19. Qxd4 $1 Rxd4 20. Nxd4 $18) 16... Bxe4
17. dxe4 Qa2 18. Bf4+ (18. Rb2 Qa1 19. Rc2 Rc8 $1 20. e3 Ne5 (20... Na5 21. Bc4
Nxc4 22. O-O $18) 21. Rxc8+ Rxc8 22. Nxe5 Rxc1+ 23. Ke2 Qxe5 24. Kf3 {Looks a
bit frightening for white, but probably winning.}) 18... e5 19. Rc1 exf4 20.
Qxf6 Rhf8 21. Qa1 Qxb3 {White is still a full piece up, but he has serious
problems to complete the development and his king might be in danger.} 22. h4
$6 ({More logical is the attempt to develop the bishop finally:} 22. g3) 22...
Qe6 {The position is completely irrational, and i am already not sure, that
white has the advantage!} 23. h5 b3 24. hxg6 hxg6 25. Rh7 Qd6 $6 (25... Qxe4
26. Qc3 Qb4 27. Qxb4 Nxb4 {getting the same position as in the game, but
without white's Pe4.}) 26. Qc3 Qb4 27. Qxb4 Nxb4 {Black's queenside passed
pawns gives him sufficient compensation in this wild endgame.} 28. e3 Nc2+ 29.
Ke2 fxe3 30. fxe3 a5 31. Ne1 (31. Rb1 a4 32. Ne5 Rfe8 33. Nd7+ Rxd7 34. Rxd7
Na3 {with sufficient compensation.}) 31... b2 $2 (31... a4 32. Nxc2 Rc8 33. Kd2
bxc2 $132 {[%cal Ga4a3,Ga3a2]} (33... Rf2+ 34. Be2 Rxc2+ $2 35. Rxc2 bxc2 36.
Rh1 a3 37. Rc1 a2 38. e5 $18)) 32. Rb1 Nxe1 (32... Nxe3 33. Rxb2 Nxf1 34.
Rbxb7+ Ka8 35. Nf3 Ng3+ 36. Ke3 $16) 33. Rxb2 $2 {Missing the win again.} (33.
Kxe1 Rc8 34. Bd3 Rc1+ 35. Ke2 Rxb1 36. Bxb1 Rc8 37. e5 Rc1 38. Bxg6 b1=Q 39.
Bxb1 Rxb1 40. e6 Kc8 41. Rh8+ Kc7 42. e7 $18) 33... Nd3 34. Rbxb7+ Ka8 35. Ra7+
Kb8 36. Rhb7+ Kc8 37. Rc7+ {Obviously, white has no more than a perpetual
check.} Kb8 38. Rcb7+ Kc8 39. Rc7+ Kb8 40. Rcb7+ Kc8 41. Rc7+ Kb8 1/2-1/2

[Event "EU-ch 4th"]
[Site "Istanbul"]
[Date "2003.06.12"]
[Round "12"]
[White "Tratar, Marko"]
[Black "Areshchenko, Alexander"]
[Result "1-0"]
[WhiteElo "2464"]
[BlackElo "2546"]
[Annotator "Postny,E"]
[PlyCount "87"]
[EventDate "2003.05.30"]
[EventType "swiss"]
[EventRounds "13"]
[EventCountry "TUR"]
[SourceTitle "CBM 096"]
[Source "ChessBase"]
[SourceDate "2003.09.25"]
[SourceVersion "1"]
[SourceVersionDate "2003.09.25"]
[SourceQuality "1"]

1. Nf3 Nf6 2. c4 g6 3. Nc3 d5 4. Qa4+ Bd7 5. Qb3 dxc4 6. Qxc4 Bg7 ({Other
options are:} 6... a6) (6... Nc6) 7. e4 O-O 8. e5 Ng4 9. d4 Be6 10. d5 (10. Qb5
{- see the commented game Krasenkow,M-Jansa,V/Bundesliga 2002/CBM 93 [Postny]})
10... Bf5 11. Bf4 Nd7 12. Qe2 f6 $1 {This is the only reasonable way for black
to get counterplay.} (12... g5 13. Bg3 e6 14. O-O-O Qe7 15. h3 Nh6 16. Qe3 Bg6
17. dxe6 fxe6 18. Qxg5 $16 {0-1 Lobron,E-Jansa,V/Fuerth 2001/EXT 2002 (61)})
13. e6 Nde5 (13... Nc5 $6 14. Qc4 g5 15. Bg3 Na6 16. h4 Nh6 17. hxg5 fxg5 18.
Nxg5 $16 {1-0 Volzhin,A-Valdes,L/Saint Vincent 2001/CBM 80 ext (31)}) 14. Bxe5
(14. Rd1 {- see the game Golod,V-Tseitlin,M/ISR-ch 2000/CBM 81 [Golod,V]})
14... fxe5 15. Rd1 $146 (15. h3 Nf6 16. Rd1 (16. g4 e4 17. Nd2 Nxd5 18. gxf5
gxf5 19. Qc4 Nxc3 20. bxc3 Qd6 21. O-O-O $16 {1-0 Zeliakov,N-Singh,S/FIDE.com
2002/EXT 2003 (88)}) 16... e4 17. Ne5 (17. Ng5 c6 18. g4 Nxd5 19. gxf5 Qa5 {
1/2-1/2 Bacrot,E-Sutovsky,E/Albert 2001/CBM 86 (19)}) 17... c6 18. dxc6 Qc7 19.
cxb7 Rad8 20. Nd7 Nxd7 21. exd7 Qxb7 22. Qb5 Rxd7 23. Bc4+ Kh8 24. Qxb7 Rxb7
25. Bb3 Rc8 $15 {0-1 Goldin,A-Mikhalevski,V/Rishon-le-Zion 1997/CBM 62 ext (42)
}) 15... e4 16. Ng5 Ne5 {[%cal Gf5g4,Ge5d3]} 17. Qe3 Ng4 18. Qe2 c6 {Black
decided to avoid the repetition and continue the battle.} 19. h3 (19. dxc6 Qa5
$36) 19... Ne5 20. Ngxe4 Bxe4 $6 {There was no reason to give the bishop.} (
20... Qb6 $5) 21. Qxe4 cxd5 ({Again} 21... Qb6 {should be considered.}) 22.
Nxd5 Qa5+ 23. b4 Qxa2 24. Be2 $16 {White is completing the development with
following castle and his obvious benefits in the position will tell...} Nc6 25.
O-O ({More principle was} 25. b5 $1 Qa5+ 26. Kf1) 25... Qb2 (25... a6 $142 $16)
26. b5 Nd4 27. Nxe7+ Kh8 28. Bc4 Rae8 29. Nxg6+ $1 {[%mdl 640] Nice sacrifice.
White is getting a long lasting attack with approximate material equality.}
hxg6 30. Qxg6 $1 (30. Qh4+ Kg8 31. e7+ Rf7 {is also in white's favour, but
white is playing for a maximum.}) 30... Re7 (30... Ne2+ 31. Kh1 Nf4 32. Qg4 $18
) 31. Bd3 Bf6 32. Qh6+ Kg8 33. Rde1 {Intending to add the rook to the attack
via 3rd or 4th rank. With an approximate material equality white's attack is
decisive.} Rd8 34. Re3 (34. Qxf6 $4 Ne2+ $19 {[%csl Rf6][%cal Gb2f6]}) 34...
Bg7 35. Bh7+ Kh8 36. Qh4 Qb4 37. Re4 Qd6 38. Rfe1 $1 (38. Bg6+ $6 Kg8 39. Qh7+
Kf8 40. Bf7 Rxf7 41. exf7 Kxf7) 38... Rc8 39. Bg6+ Kg8 40. Qh7+ Kf8 41. Bf7
Rec7 (41... Rxf7 42. exf7 Kxf7 43. Re7+ $18) 42. Qg8+ Ke7 43. Qxg7 Rc4 44. Bh5+
1-0

[Event "North Sea Cup 18th"]
[Site "Esbjerg"]
[Date "2003.06.07"]
[Round "4"]
[White "Krasenkow, Michal"]
[Black "McShane, Luke J"]
[Result "0-1"]
[WhiteElo "2609"]
[BlackElo "2592"]
[Annotator "Postny,E"]
[PlyCount "84"]
[EventDate "2003.06.04"]
[EventType "tourn"]
[EventRounds "9"]
[EventCountry "DEN"]
[EventCategory "15"]
[SourceTitle "CBM 096"]
[Source "ChessBase"]
[SourceDate "2003.09.25"]
[SourceVersion "1"]
[SourceVersionDate "2003.09.25"]
[SourceQuality "1"]

1. Nf3 Nf6 2. c4 g6 3. Nc3 d5 4. Qa4+ Bd7 5. Qb3 dxc4 6. Qxc4 Bg7 ({Another
theoretical alternatives are:} 6... Nc6) ({and} 6... a6) 7. e4 Bc6 {This move
obstructs somewhat the development of Nb8, but not allows white to advance his
pawn centre.} ({The main and sharper line is} 7... O-O) 8. d3 (8. Bd3 Nbd7 9.
Bc2 e5 10. O-O O-O 11. Rd1 Nb6 12. Qe2 Qe7 13. d4 exd4 14. Nxd4 Bd7 15. Bf4 c6
16. Nf3 Rfc8 17. Bd6 Qe8 18. h3 $14 {1/2-1/2 Gozzoli,Y-Mamedyarov,S/Baku 2002/
CBM 89 ext (34)}) 8... O-O 9. Be2 Nbd7 10. O-O a5 $2 {Just a bad move ignoring
white's threat.} ({More solid is} 10... e5 11. b4 a6 12. a4 Nb6 13. Qb3 Re8 14.
Be3 Nh5 15. Ng5 Qf6 16. Bxh5 gxh5 17. b5 axb5 18. Nxb5 $16 {1-0 Khalifman,
A-Jansa,V/Germany 2002/EXT 2003 (41)}) 11. e5 $1 $146 {[%mdl 8]} (11. Rd1 $2 e5
12. d4 Nxe4 13. dxe5 Nxc3 14. bxc3 Bxf3 15. Bxf3 Nxe5 16. Rxd8 Nxc4 17. Rxa8
Rxa8 18. Rb1 Re8 19. Bf4 Na3 20. Rd1 c6 $17 {1/2-1/2 Janssen,R-De Vreugt,D/
Wijk aan Zee 1999/CBM 69 (54)}) 11... Nb6 $6 (11... Ne8 12. d4 Nb6 {This
position is definitely better for white, but it was the least of the evils for
black.}) 12. exf6 Nxc4 13. fxg7 Kxg7 14. dxc4 Bxf3 15. Bxf3 {[%mdl 1024] White
has big advantage in the arised position. He has pair of strong bishops and he
can easily find optimal squares for his pieces, while black's extra pawn is
not really a factor here.} c6 16. b3 Qc7 17. Bb2 Kg8 18. Rae1 $1 {Correct plan.
White is intending to double his rooks on the "e" file, and put a pressure on
th Pe7. If black will be forced to play e7-e6, he will irreparable holes in
his camp.} Rad8 19. Re2 Rd7 20. Rfe1 Rfd8 21. Ba3 $18 Qf4 (21... e6 22. Ne4 $18
) (21... Re8 22. Ne4 Kg7 23. Bg4 Rdd8 (23... f5 24. Nc5 $18) 24. Bb2+ Kf8 25.
Ng5 Kg8 (25... h5 26. Nh7+ Kg8 27. Nf6+ $18) 26. Be5 Qb6 27. Nxf7 $1 Kxf7 28.
Be6+ Kf8 29. Re3 $18) 22. Bxe7 $18 Re8 23. Ba3 $4 {I guess, this was a turning
point in the game.} (23. Re4 $1 Qd2 $8 (23... Qc7 24. Ba3 $18) (23... Qb8 24.
Bg5 $18) 24. Rd1 Qxd1+ 25. Nxd1 f5 26. Re1 Rexe7 27. Rxe7 Rxe7 28. Kf1 $18)
23... Rxe2 24. Rxe2 f5 25. Re3 (25. Bb2 Rd2) 25... Qd4 $1 26. g3 (26. Bb2 $2
Qd2 27. Re2 Qd1+ $19) 26... Qd2 27. Be2 Kf7 28. c5 $2 {[%csl Ra3] Big mistake.
Now the white dark-squared bishop is miserable.} (28. Bc5 $13) 28... Re7 29.
Bc4+ Ke8 30. Rd3 Qc2 31. Kg2 g5 $1 {White's pieces are completely tied up. The
main problem is the Ba3 and there is no reasonable way to liberate it. A
dramatic turnaround!} 32. Nd1 Rd7 33. Nb2 Rxd3 34. Nxd3 Qxa2 35. Bc1 a4 36.
Bxg5 Qe2 (36... a3 $2 37. Ne5 Qc2 38. Bf7+ Kf8 39. Bh6+ Ke7 40. Bg5+ $11) 37.
Bf6 axb3 38. Nb2 Qe4+ 39. Kg1 f4 {The decisive move.} 40. Bxb3 Qe1+ (40... fxg3
$19) 41. Kg2 Qe4+ 42. Kg1 fxg3 {[%csl Rb3,Rf6][%cal Ge4f3]} 0-1

[Event "EU-ch 6th"]
[Site "Warsaw"]
[Date "2005.06.25"]
[Round "7"]
[White "Krasenkow, Michal"]
[Black "Areshchenko, Alexander"]
[Result "1/2-1/2"]
[WhiteElo "2672"]
[BlackElo "2595"]
[Annotator "Postny,E"]
[PlyCount "171"]
[EventDate "2005.06.18"]
[EventType "swiss"]
[EventRounds "13"]
[EventCountry "POL"]
[SourceTitle "CBM 108"]
[Source "ChessBase"]
[SourceDate "2005.09.26"]
[SourceVersion "1"]
[SourceVersionDate "2005.09.26"]
[SourceQuality "1"]

1. Nf3 Nf6 2. c4 g6 3. Nc3 d5 4. Qa4+ (4. d4 {leads to the main Gruenfeld
stuff.}) 4... Bd7 5. Qb3 dxc4 6. Qxc4 ({Bad for white:} 6. Qxb7 $2 Nc6 7. Nb5
Nd5 {[%cal Ga8b8]}) 6... Nc6 ({Black has two alternatives:} 6... Bg7 7. e4 Bc6
(7... O-O 8. e5 Ng4 9. d4 Be6 10. d5 Bf5 11. Bf4 Nd7 12. Qe2 {- 1-0 Tratar,
M-Areshchenko,A/Istanbul 2003/CBM 96 [Postny,E] (44)}) 8. d3 O-O 9. Be2 Nbd7
10. O-O a5 11. e5 Nb6 12. exf6 Nxc4 13. fxg7 Kxg7 14. dxc4 {- 0-1 Krasenkow,
M-McShane,L/Esbjerg 2003/CBM 96 [Postny,E] (42)}) (6... a6 7. e4 b5 8. Qe2 {
- 1-0 Kortschnoj,V-Tseitlin,M/Beer Sheva 2004/CBM 101 (27)}) 7. d4 (7. e4 e5 8.
d4 exd4 9. Nxd4 Ne5 10. Qe2 Bg7 11. Nf3 Qe7 12. Bg5 O-O-O 13. Nd5 Qd6 14. Nxe5
Qxe5 15. f4 Qd6 16. Nc3 Bg4 17. Qc2 Rhe8 $40 {0-1 Gerzhoy,L-Sutovsky,E/Tel
Aviv 2001 (25)}) 7... Bg7 8. e4 {As usual for Gruenfeld defense, white is
occupying the centre, while black is playing for a quick development.} O-O 9.
d5 ({The main line leads to an unusual material balance with approximately
equal chances:} 9. e5 Be6 10. exf6 Bxc4 11. fxg7 Kxg7 12. Bxc4 Nxd4 13. Nxd4
Qxd4 14. Be2 Qb4 (14... Rad8 15. O-O Qe5 16. Be3 Rd7 17. Rfe1 Qa5 18. a3 Rfd8
19. Bg4 f5 20. Bf3 e5 21. Bg5 e4 22. Be2 c6 23. Bxd8 Qxd8 $13 {1/2-1/2 Kramnik,
V-Ivanchuk,V/Belgrade 1997 (32)}) (14... Rfd8 15. O-O c6 16. Be3 Qb4 17. Rab1
Rd7 18. a3 Qb3 19. Ne4 b6 20. Nd2 Qe6 21. Bc4 {1/2-1/2 Khalifman,A-McShane,L/
Rethymnon 2003}) 15. a3 Qb3 16. Bd1 Qc4 17. Be2 Qb3 18. Bd1 Qc4 19. Be2 Qb3 20.
Bd1 {1/2-1/2 Aronian,L-Sutovsky,E/Reykjavik 2004}) 9... Na5 10. Qb4 c6 11. Be3
$146 (11. Be2 Rc8 12. Be3 cxd5 13. exd5 Rxc3 14. Qxc3 Nxd5 15. Qd2 Nxe3 16.
Qxe3 Bxb2 17. Rd1 Qc7 18. O-O Bf6 19. Qxa7 Nc6 20. Qa3 $14 {0-1 Damljanovic,
B-Krnic,Z/Vrnjacka Banja 1984 (41)}) 11... Ng4 ({Comes to consideration} 11...
b6 12. h3 $140 c5 13. Qa3 e6 $132) 12. Bd4 {It's recommended for white to
exchange black's strong bishop.} Bxd4 13. Qxd4 cxd5 14. exd5 Qb6 $6 {The idea
of exchanging white's active queen is certainly not that bad, by it's
definitely not the most principled one. Black could try to create a
counterplay in the middlegame, using the time that white will need to complete
his development.} (14... Re8 {[%cal Ge7e5]} 15. Be2 e5 {and black is not worse.
}) 15. Qxb6 axb6 16. h3 Nf6 17. Rd1 Rfc8 18. Rd4 Rc5 19. Kd2 {After the
exchange of queens white does not have to castle, his king can feel
comfortable in the centre.} Rac8 20. Ne5 Be8 21. f4 $6 ({Stronger would have
been} 21. Ng4 $1 $14 {[%csl Ge3][%cal Yg4e3] transfering the knight to e3,
where it will protect the Pd5. After that white's rook will be able to go to
b4 attacking black's doubled pawns.}) 21... b5 (21... Rd8 $2 22. b4 Nc6 23.
dxc6 Rxd4+ 24. Ke3 Rxb4 25. cxb7 Rxc3+ 26. Bd3 Re4+ 27. Kd2 Rxe5 28. fxe5 Rxd3+
29. Kxd3 Nd7 30. Rc1 $18) 22. Bd3 $6 ({Again} 22. Ng4 {should have been
prefered.}) 22... b4 $1 {Now, black is exchanging one of his weak pawns for a
white's central one.} 23. Rxb4 Nxd5 24. Nxd5 Rxd5 25. Ke3 b5 26. Rd4 $2 {
After this careless exchange black gets a strong initiative.} ({White should
bring his only unemployed piece into play:} 26. Re1 {with approximately equal
chances.}) 26... Rxd4 27. Kxd4 f6 28. Nf3 Nc4 $1 29. b3 Rd8+ (29... e5+ 30.
fxe5 fxe5+ 31. Kd5 $8 (31. Kc3 $2 Nd6+ $19 {[%cal Ge5e4]}) (31. Nxe5 $2 Rd8+
$19) 31... Bc6+ 32. Ke6 Re8+ 33. Kf6 Ne3 34. Rc1 {White's king seems to be in
a real danger, but I don't see any winning continuation for black.}) 30. Kc5 $1
(30. Kc3 Ne3 31. g3 Nd5+ 32. Kb2 Nxf4 $19) 30... Rxd3 31. bxc4 Rc3 32. Nd2 Rc2
33. Rd1 bxc4 34. g4 {Moving the pawn from 2nd rank.} Bf7 (34... Rxa2 35. Nxc4
Bf7 $17) 35. a4 Ra2 36. Kb4 c3 37. Ne4 c2 38. Rc1 h5 39. a5 (39. Nc5 $142 {
preventing Bf7-e6.}) 39... hxg4 40. hxg4 Be6 41. Nc5 (41. g5 $2 Bf5 {[%csl Gc2]
[%cal Yf5c2,Ga2b2,Gb2b1]}) 41... Bxg4 42. Na4 Bd7 $2 {After this move black is
losing the Pc2.} (42... Bf5 43. a6 Bc8 44. Kb3 Be6+ 45. Kb4 g5 46. fxg5 fxg5
47. a7 Bd5 48. Nc3 Rb2+ 49. Kc5 Ba8 {with good winning chances.}) 43. Nc3 Rb2+
44. Ka3 Rb8 45. Rxc2 Kf7 {White eliminated black's "c" pawn, but still in
touigh fight for a draw. The king is cut off on the "a" file which is white's
main problem.} 46. Re2 Be6 {[%cal Gb8b3]} 47. Re3 Bc4 48. Ne4 Bd5 49. Nc3 Bc6
50. Rd3 g5 51. fxg5 fxg5 52. Rd4 Ke6 53. Rc4 Kd7 54. Rd4+ Kc7 55. Rg4 Rg8 56.
Ne4 Bxe4 57. Rxe4 Kd6 58. a6 e5 (58... g4 59. a7 g3 {Now white has two options,
both lead to theoretically drawish position:} 60. Rg4 (60. Kb3 g2 61. a8=Q Rxa8
62. Rg4 Rc8 63. Rxg2 e6 (63... e5 64. Rc2 $1 $11) 64. Rd2+ Ke5 65. Re2+ Kf5 66.
Rf2+ Kg4 67. Re2 Rc6 68. Re1 $1 $11) 60... Ra8 61. Rxg3 Rxa7+ 62. Kb3 Rc7 63.
Rd3+ Ke5 64. Rd1 $1 $11 {[%cal Gd1e1]}) 59. a7 Ra8 60. Ra4 Ke6 (60... g4 61.
Kb3 g3 62. Kc4 g2 63. Ra6+ Ke7 64. Rg6 Rxa7 65. Rxg2 $11) 61. Kb3 g4 62. Kc3 g3
63. Kd3 Kf5 (63... g2 64. Rg4 Rxa7 65. Rxg2 Ra3+ 66. Ke4 $11) 64. Ke2 {Now
it's a clear draw. Black can not achieve any progress, since his rook is
passive.} e4 65. Ke3 Kg4 66. Rxe4+ Kh3 67. Re7 g2 68. Rh7+ Kg3 69. Rg7+ Kh2 70.
Rh7+ Kg1 71. Ke2 Rf8 (71... Re8+ 72. Kd2 Kf2 73. Rf7+ Kg3 74. Rg7+ Kh2 75. Rh7+
$11) 72. Ke1 Rf1+ 73. Kd2 ({It was also possible to stay with the king on the
"e" file:} 73. Ke2 Ra1 74. Rf7) 73... Ra1 74. Kc3 Kf2 75. Rf7+ Ke3 76. Re7+ Kf3
77. Rf7+ Ke2 78. Re7+ Kf1 79. Rf7+ Kg1 80. Kb4 Kh2 81. Rh7+ Kg3 82. Rg7+ Kf3
83. Rf7+ Ke4 84. Rg7 Kf3 85. Rf7+ Ke3 86. Rg7 1/2-1/2